Systémové pojednání o procesním řízení

Salvato in:
Dettagli Bibliografici
Autore principale: Závadský, Ján
Natura: Libro
Lingua:ceco
Pubblicazione: Praha Alfa Publishing 2005
Serie:Extra
Soggetti:
Tags: Aggiungi Tag
Nessun Tag, puoi essere il primo ad aggiungerne!!

MARC

LEADER 00000nam$a2200000$$$4500
001 0033526
005 20230113113909.9
020 |a 80-86851-15-X 
041 0 |a cze 
044 |a CZ 
245 1 0 |a Systémové pojednání o procesním řízení  |c Ján Závadský 
264 1 |a Praha  |b Alfa Publishing  |c 2005 
300 |a 82 s. 
490 1 |a Extra 
830 0 |a Extra 
610 2 0 |a riadenie procesné 
610 2 0 |a modely riadenia 
610 2 0 |a modely matematické 
610 2 0 |a modely organizačné 
610 2 0 |a modely statické 
610 2 0 |a modely dynamické 
610 2 0 |a výkonnosť 
100 1 |a Závadský, Ján